00257nam a2200097Ia 4500008004000000082001500040100001600055245004500071260003200116300001100148210210b1989 xxu||||| |||| 00| 0 eng d a320.5 PRAP aPRASAD (C). aPolitical ideas of Dr. Rammanohar Lohia. aNDbJanaki Prakashan.c1989 aix275p